| 000 | 01038nam a2200277 a 4500 | ||
|---|---|---|---|
| 001 | 000048613 | ||
| 003 | DO-SdBNP | ||
| 005 | 20260305073959.0 | ||
| 008 | 190402s2015 dr c 001 0 spa d | ||
| 020 | _a9789945084214 | ||
| 040 |
_aDO-SdBNP _bspa _cBNPHU |
||
| 082 | 4 |
_a972.93053 _bG377t _222 |
|
| 100 | 1 |
_aGerón, Candido, _d1948- _93577 |
|
| 245 | 1 | 0 |
_aTrujillo : _bla cultura del terror / _cCándido Gerón. |
| 260 |
_aSanto Domingo : _bCentenario, _c2015. |
||
| 300 |
_a303 p. : _bil., retrs.; _c23 cm. |
||
| 500 | _aIncluye referencias bibliográficas y notas a pie de página | ||
| 500 | _aIncluye datos biográficos del autor en las solapas | ||
| 500 | _aIncluye índice onomástico | ||
| 590 | _aInventariado, 2019/ YL | ||
| 600 | 1 | 0 |
_aTrujillo Molina, Rafael Leónidas, _d 1891-1961 _976764 |
| 650 | 4 |
_aAtrocidades políticas _zRepública Dominicana _xHistoria _ySiglo XX _981045 |
|
| 651 | 4 |
_aRepública Dominicana _xPolítica y gobierno _y1930-1961 _9479 |
|
| 910 | _aValidado. Control de calidad MFF | ||
| 942 |
_2ddc _cLBS1 |
||
| 999 |
_c48101 _d48101 |
||